000 00473nam a22001817a 4500
003 MPLRDC
005 20220104124110.0
008 210129b ||||| |||| 00| 0 eng d
020 _a978-986-83333-7-6
082 _a494 TVDJ
100 _aTV 东京新闻部 编
245 _a日本经营群雄列传
_c
250 _a初版一刷
260 _a台湾
_b宇琉采伊娱乐经纪有限公司
_c2008
300 _b331
650 _a企业管理
942 _cBK
_o494 TVDJ
999 _c16628
_d16618